The international trade journal (Record no. 38681)

MARC details
000 -LEADER
fixed length control field 00493nam a2200157Ia 4500
022 ## - INTERNATIONAL STANDARD SERIAL NUMBER
ISSN 08853908
050 ## - CALL MARK
Classification number HF 371 .I5963/
245 #4 - TITLE STATEMENT
Title The international trade journal
260 ## - PUBLICATION, DISTRIBUTION, ETC. (IMPRINT)
Name of publisher Routledge Taylor& Francis Group
260 ## - PUBLICATION, DISTRIBUTION, ETC. (IMPRINT)
Year of publication 2010
300 ## - PHYSICAL DESCRIPTION
Number of Pages 355 p. : ill. ; 23 cm.
650 ## - SUBJECT ADDED ENTRY--TOPICAL TERM
Topical Term International trade--Periodicals. Commerce--Periodicals. International economic relations--Periodicals.
942 ## - ADDED ENTRY ELEMENTS (KOHA)
Koha item type Serials

No items available.